Promoción de la salud a través de la Ingeniería Eléctrica: entorno de circuitos biosaludables
Salvato in:
| Autore principale: | |
|---|---|
| Altri autori: | |
| Natura: | Libro |
| Lingua: | Spanish |
| Pubblicazione: |
[San José ], Costa Rica
2016
|
| Soggetti: | |
| Tags: |
Aggiungi Tag
Nessun Tag, puoi essere il primo ad aggiungerne!!
|
MARC
| LEADER | 00000nam a22000007a 4500 | ||
|---|---|---|---|
| 003 | 012685 | ||
| 005 | 20230920102031.0 | ||
| 008 | 170927b2016 cr a|||| m||| 00| ||spa d | ||
| 040 | |c cru CEDI | ||
| 090 | |a TFG 7836 | ||
| 100 | |9 1573 |a Álvarez Delgado, Sophia, 1993- | ||
| 245 | |a Promoción de la salud a través de la Ingeniería Eléctrica: entorno de circuitos biosaludables | ||
| 260 | |a [San José ], Costa Rica |c 2016 | ||
| 300 | |a viii, 44 hojas; ilustraciones a color | ||
| 500 | |a Proyecto de graduación (bachillerato en ingeniería eléctrica)--Universidad de Costa Rica. Facultad de Ingeniería. Escuela de Ingeniería Eléctrica | ||
| 501 | |a Profesor Guía de IE-0499 Proyecto Eléctrico: M.Sc Teodoro Willink Castro | ||
| 650 | |x PROMOCION DE LA SALUD - INNOVACIONES TECNOLOGICAS |x GENERACION DE ENERGIA FOTOVOLTAICA - EQUIPO Y ACCESORIOS |x SENSORES |x MICROCONTROLADORES - PROGRAMACION |9 9932 | ||
| 700 | |9 728 |a Willink Castro, Teodoro, 1986- |d Director de Proyecto Eléctrico | ||
| 942 | |c CEDI | ||
| 999 | |c 19016 |d 19016 | ||
